01230nam a2200301 i 4500003000900000005001700009007000300026008004100029040003000070082001300100110005000113245010400163246002800267264003500295300005100330336002700381337003400408338002800442590002700470700004800497700004700545710004500592910001400637942001400651952012000665952012600785999001700911DO-SdBNP20230922112414.0ta110413s2019 dr do 000 j spa d aDO-SdBNPbspacBNPHUerda bM533222 aRepública DominicanabPoder Judicial91599210aMemoria 20 años ENJ : b1998-2018 /cpalabras Mariano Germán Mejía, Gervasia Valenzuela Sosa 1 aMemoria veinte años : 1aSanto Domingo :bENJ,c[2019]. a75 páginas c28 cm.bgraficas, fotografías 2rdacontentatextobtxt 2rdamediaasin mediación bn 2rdacarrieravolumenbnc aInventariado, 2023/ YL12aGermán Mejía, Marianoepalabras 98416312aValenzuela Sosa, Gervasiaepalabras9841641 aEscuela Nacional de la Judicatura984257 aYLockward 2ddccLBS1 00102ddc51708PDaBNPHUbBNPHUcCTd2022-09-01eUNPHUl0oBNPHU PD M533p2023-6333r2023-09-22w2023-09-22yLBS1 00102ddc51708PDaBNPHUbBNPHUcCTd2022-09-01eUNPHUl0oBNPHU PD M533p2023-6334r2023-09-22te. 2w2023-09-22yLBS1 c54903d54903